Revista Superintendencia de Sociedades

Bibliographic Details
Corporate Author: Superintendencia Sociedades
Format: eBook
Language:Spanish
Published: Bogot:̀ Superintendencia Sociedades 2012 -
Subjects:
Online Access:Acceso restringido

MARC

LEADER 00000nam a22000007a 4500
005 20131029132617.0
007 cr|||| ||||
008 131029c20129999co zn|| s||||o0|||b1spa d
035 |a 11581 
040 |a vLex 
090 |c 4556  |d 4556 
245 0 0 |a Revista Superintendencia de Sociedades  |h [Recurso electrn̤ico] 
256 |a Servicio en ln̕ea 
260 |a Bogot:̀  |b Superintendencia Sociedades  |c 2012 - 
300 |a 1 recurso electrn̤ico 
310 |a Irregular 
362 |a Nm︢. 1 (2012) - 
506 1 |a Contenido solo disponible en los productos indicados  |d vLex Global  |d vLex Global (Academic Edition, excluding Law Schools)  |d vLex Global (U.S. Academic Edition, Law Schools)  |d vLex Global (U.S. Academic Edition, excluding Law Schools)  |d vLex Global (Academic Edition, Law Schools) 
650 0 4 |a Fiscalidad  |z Colombia 
710 2 |a Superintendencia Sociedades 
740 0 |a vLex Revistas (Servicio en ln̕ea) 
856 4 0 |u http://vlex.com/source/superintendencia-sociedades-11581  |z Acceso restringido 
942 |c REV 
999 0 |a Taxation